000 00864nam a22002415i 4500
001 164300
003 ES-MaACL
005 20250725062546.0
008 980727s1867 fr |||| | fre d
040 _aEXT
_bspa
_cEXT
100 1 _aSaigey, Emile.
_9132277
245 1 3 _aLa physique moderne
_b: essai sur l'unité des phénomenes naturels /
_cpar Emile Saigey.
260 _aParis [etc.] :
_bGermer Bailliére,
_c1867 (
_fImprimerie de E. Martinet)
300 _a228, 8 p. ;
_c23 cm.
490 1 _aBibliotheque de philosophie contemporaine
650 0 7 _aFísica
_2embne
_912877
700 1 1 _aBaillière, Germer,
_eed.
_9125776
700 1 1 _aMartinet, E.,
_eimp.
_9129570
752 _aFrancia -
_dParís
830 0 _aBibliotheque de philosophie contemporaine
_9181027
852 _aES-MaACL
_jF-11772
_z-- Enc. pasta española
999 _c164300
_d164300